Nalaganje...
Kerala Lalithakala Akademi: 35th state exhibition of art 2006.
| Format: | Printed Book |
|---|---|
| Izdano: |
Kozhikode:
Kerala Lalithakala Akademi Art Gallery,
2006.
|
| Teme: |
| LEADER | 00505nam a22001337a 4500 | ||
|---|---|---|---|
| 082 | |a 708.074 5483 |b KER | ||
| 245 | |a Kerala Lalithakala Akademi: |b 35th state exhibition of art 2006. | ||
| 260 | |a Kozhikode: |b Kerala Lalithakala Akademi Art Gallery, |c 2006. | ||
| 300 | |a 28p. | ||
| 650 | |a Art Exhibition |9 16052 | ||
| 650 | |a Arts |9 16053 | ||
| 942 | |c BK | ||
| 999 | |c 65015 |d 65015 | ||
| 952 | |0 0 |1 0 |4 0 |6 708_074000000000000_5483_KER |7 0 |9 86648 |a SSUS |b SSUS |c REF |d 2017-05-12 |g 100.00 |o 708.074 5483 KER |p 084525 |r 2017-05-12 |w 2017-05-12 |y BK | ||